000 00643nam a2200205 i 4500
001 bgj
100 1 _aGUDE, Kathy
245 1 0 _aKickstart :
_bstudent's book /
_cKathy Gude, Michael Duckworth ; stories written by Jenny Quintana.
260 _aOxford :
_bOxford University Press,
_c2001.
300 _a143 pp :
_bill. ;
_c30 cm.
650 9 _aEnglish language
_xStudy and teaching
_xForeign speakers
700 1 _aDUCKWORTH, Michael.
_eco-author
700 1 _aQUINTANA, Jenny.
_eco-author
020 _a0194534901
040 _cBPK
041 0 _aeng
920 _a0-19-453490-1
942 _cKS
008 s uk f |000 0 eng
999 _c48585
_d48585